Early opera in America.

Bibliographic Details
Main Author: Sonneck, O. G. (Oscar George), 1873-1928
Format: Book
Language:English
Published: New York : B. Blom, [1963]
Series:Roots and sources of the American theatre
Subjects:

MARC

Tag First Indicator Second Indicator Subfields
LEADER 00000cam a22000001 4500
001 in00000028729
005 20151007062820.0
008 771130c19631943nyuach 00000 eng
010 |a  63023189  
035 |a (OCoLC)03651952 
035 |9 AAD5856AM 
040 |a DLC  |c DLC  |d TXA  |d UtOrBLW 
043 |a n-us--- 
049 |a TXAM  |c [472423] 
050 0 0 |a ML1711  |b .S73 1963 
092 |a 782.10973  |b S699e 
100 1 |a Sonneck, O. G.  |q (Oscar George),  |d 1873-1928. 
245 1 0 |a Early opera in America. 
264 1 |a New York :  |b B. Blom,  |c [1963] 
264 4 |c [©1943] 
300 |a viii, 230 pages :  |b illustrations (part folded), portraits, facsimiles ;  |c 24 cm. 
336 |a text  |b txt  |2 rdacontent 
337 |a unmediated  |b n  |2 rdamedia 
338 |a volume  |b nc  |2 rdacarrier 
490 0 |a Roots and sources of the American theatre 
505 0 |a pt. 1. Pre-revolutionary opera.--pt. 2. Post-revolutionary opera. 
536 |a From the Howard Mayer Brown, Edward Downes and Mary Schieffelin book collections, October 2004. 
650 0 |a Opera  |z United States  |x History and criticism. 
999 |a MARS 
999 f f |s ae9b5eb0-f5d1-340a-838e-b99c9099584b  |i 9c98e991-bfce-3aef-8a86-f9f4b5f0bf34  |t 0 
952 f f |p storage  |a Texas A&M University  |b J.J. Pickle Campus  |c High Density Repository  |d Remote Storage  |t 0  |e ML1711 .S73 1963  |h Library of Congress classification  |i unmediated -- volume  |m A14801170952 
952 f f |p ric  |a Texas A&M University  |b Rellis Campus  |c Joint Library Facility  |d Remote Storage  |t 0  |e ML1711 .S73 1963  |h Library of Congress classification  |i unmediated -- volume  |m A14833652794 
998 f f |a ML1711 .S73 1963  |t 0  |l Remote Storage 
998 f f |a ML1711 .S73 1963  |t 0  |l Remote Storage